000 00839nam a2200253 a 4500
999 _c859
_d859
005 20200519151807.0
008 140224b1996 ck ||||| |||| 00| 0 spa d
040 _aCO-BoIAVH
_cCO-BoIAVH
041 _aspa
044 _ack
082 _a333.714
090 _aLB
_b00847
100 _aAngulo Paredes, Nianza del Carmen
_99508
245 _aImpactos socioculturales causados por las industrias palmicultoras y camaroneras en el municipio de Tumaco
_cNianza del Carmen Angulo Paredes,
260 _aTumaco (Nariño)
_bProyecto Biopacífico
_c1996
300 _a70 páginas
650 _aSistemas de producción agropecuarios
_93701
650 _aImpacto sociocultural
_93620
650 _aPalmas
_9103027
650 _aTenencia de tierras
_94530
650 _aCamarones
_97376
662 _aColombia
_dTumaco
_bNariño
942 _cLIBRO
_2z